[Event "World Youth Girl U14 2016"]
[Site "Khanty-Mansiysk RUS"]
[Date "2016.10.02"]
[Round "10.18"]
[White "Schulze, Lara"]
[Black "Voskresenskaya, Marta"]
[Result "1-0"]
[WhiteTitle "WFM"]
[WhiteElo "2034"]
[BlackElo "1835"]
[WhiteFideId "12956830"]
[BlackFideId "34127795"]
[EventDate "2016.09.22"]

1. e4 c5 2. Nf3 d6 3. d4 cxd4 4. Qxd4 Nc6 5. Bb5 Bd7 6. Bxc6 Bxc6 7. Nc3 e5 8.
Qd3 Be7 9. h4 h6 10. Bd2 Qb6 11. Be3 Qc7 12. O-O-O Nf6 13. Nd2 O-O 14. Bg5 Rfd8
15. Bxf6 Bxf6 16. Nc4 Rac8 17. Ne3 Qa5 18. Kb1 Rd7 19. g4 Qa6 20. Qxa6 bxa6 21.
Nf5 Rcd8 22. Nd5 Bxd5 23. Rxd5 Kh7 24. h5 Be7 25. Nxe7 Rxe7 26. Rhd1 Re6 27. f3
Rf6 28. R1d3 g6 29. b3 gxh5 30. gxh5 Rg8 31. Rxd6 Rxd6 32. Rxd6 Rg5 33. Rxa6
Rxh5 34. Rxa7 Kg7 35. a4 Rh1+ 36. Kb2 h5 37. a5 h4 38. Rd7 h3 39. Rd2 h2 40. Kc3
Ra1 41. Rxh2 Rxa5 42. Rd2 Kf6 43. Rd6+ Kg5 44. Rd5 Rxd5 45. exd5 Kf5 46. Kd3 f6
47. c4 Kf4 48. Ke2 e4 49. fxe4 Kxe4 50. d6 f5 51. d7 1-0

[Event "World Youth Girl U14 2016"]
[Site "Khanty-Mansiysk RUS"]
[Date "2016.10.02"]
[Round "10.19"]
[White "Alekseenko, Mariya"]
[Black "Dongo, Melanie"]
[Result "0-1"]
[WhiteElo "1643"]
[BlackElo "1981"]
[WhiteFideId "44172729"]
[BlackFideId "3813444"]
[EventDate "2016.09.22"]

1. c4 Nf6 2. e3 g6 3. a3 Bg7 4. Qc2 O-O 5. Nf3 c5 6. d3 Nc6 7. Nbd2 a6 8. Be2 d6
9. O-O b5 10. b3 Bb7 11. Bb2 Rc8 12. Rac1 Qb6 13. Qb1 Rfd8 14. Rfd1 Ne8 15. Bxg7
Nxg7 16. Ne4 b4 17. a4 Na5 18. Ng3 d5 19. Qc2 Qf6 20. Nd2 Nf5 21. cxd5 Nxg3 22.
hxg3 Bxd5 23. Nc4 Nxc4 24. dxc4 Be6 25. Bf3 a5 26. Rd2 Rxd2 27. Qxd2 Rb8 28. Be4
Qe5 29. Qd3 Kg7 30. Rd1 f5 31. Bf3 Qc3 32. Bc6 Qxd3 33. Rxd3 Rb6 34. Bd7 Bf7 35.
Kf1 Rd6 36. Ke2 Kf6 37. f3 g5 38. g4 Bg6 39. Kd2 Rxd3+ 40. Kxd3 fxg4+ 41. e4
gxf3 42. gxf3 e6 43. Ke3 Ke5 44. Bc6 h5 45. Ke2 Kd4 0-1

[Event "World Youth Girl U14 2016"]
[Site "Khanty-Mansiysk RUS"]
[Date "2016.10.02"]
[Round "10.20"]
[White "Tharushi, T H D Niklesha"]
[Black "Vanduyfhuys, Daria"]
[Result "1/2-1/2"]
[WhiteElo "1584"]
[BlackElo "1810"]
[WhiteFideId "9918264"]
[BlackFideId "246336"]
[EventDate "2016.09.22"]

1. d4 Nf6 2. c4 e6 3. Nf3 Bb4+ 4. Bd2 Bxd2+ 5. Nbxd2 d5 6. e3 O-O 7. Bd3 Nbd7 8.
Qc2 c6 9. O-O Re8 10. Ne5 Qc7 11. f4 Nf8 12. Ndf3 dxc4 13. Bxc4 Nd5 14. Rae1 f6
15. Nd3 Kh8 16. Qd2 Ng6 17. Rc1 Qd6 18. Qf2 Bd7 19. Nc5 b6 20. Ne4 Qe7 21. Bd3
Rac8 22. Nh4 Nxh4 23. Qxh4 f5 24. Ng5 g6 25. Rf3 Nf6 26. Rh3 Nh5 27. Be2 Nf6 28.
Nf3 Ne4 29. Ne5 Kg8 30. Nxg6 Qxh4 31. Nxh4 c5 32. Ba6 Rcd8 33. Nf3 Bc8 34. Bd3
Bb7 35. Bxe4 fxe4 36. Ng5 cxd4 37. Rxh7 Bd5 38. exd4 Bxa2 39. Rxa7 Bb3 40. Nxe4
Rf8 41. Rcc7 Rxf4 42. Rg7+ Kh8 43. Ng5 Rdxd4 44. Rgd7 Rxd7 45. Rxd7 Bc4 46. h3
Rf1+ 47. Kh2 Rf2 48. Ne4 Rf4 49. Nd6 Bd5 50. Kg3 Rb4 51. Ne8 Bc6 52. Re7 Rxb2
53. Nf6 Rxg2+ 54. Kh4 Rg7 55. Rxe6 Rc7 56. Kg5 b5 57. Kh6 1/2-1/2

[Event "World Youth Girl U14 2016"]
[Site "Khanty-Mansiysk RUS"]
[Date "2016.10.02"]
[Round "10.21"]
[White "Nayberg, Simona"]
[Black "Bellahcene, Meriem"]
[Result "1-0"]
[WhiteElo "1807"]
[BlackElo "1729"]
[WhiteFideId "2075180"]
[BlackFideId "20655347"]
[EventDate "2016.09.22"]

1. e4 c5 2. c3 d5 3. exd5 Qxd5 4. d4 Nf6 5. Nf3 Nc6 6. Be2 cxd4 7. cxd4 e6 8.
Nc3 Qd6 9. O-O Be7 10. Nb5 Qd8 11. Bf4 Nd5 12. Bg3 a6 13. Nc3 O-O 14. Re1 Re8
15. Rc1 Qd7 16. Bd3 Rd8 17. Nxd5 Qxd5 18. Be4 Qxa2 19. Qc2 Qa5 20. Bxh7+ Kf8 21.
Rcd1 Nxd4 22. Qe4 Nxf3+ 23. Qxf3 Qg5 24. Be4 a5 25. Bc7 Rd2 26. Bf4 Rxd1 27.
Rxd1 Qb5 28. Qh3 f5 29. Qh8+ Kf7 30. Bf3 Qb4 31. Be5 1-0

[Event "World Youth Girl U14 2016"]
[Site "Khanty-Mansiysk RUS"]
[Date "2016.10.02"]
[Round "10.22"]
[White "Bechvaia, Maia"]
[Black "Skaslien, Ingrid"]
[Result "0-1"]
[WhiteElo "1848"]
[BlackElo "1588"]
[WhiteFideId "13613294"]
[BlackFideId "1520660"]
[EventDate "2016.09.22"]

1. e4 c5 2. Nf3 e6 3. c3 d5 4. exd5 exd5 5. d4 Nc6 6. Bb5 Bd6 7. O-O Nf6 8. Re1+
Be6 9. Ng5 O-O 10. Rxe6 fxe6 11. Nxe6 Qb6 12. Bxc6 bxc6 13. Nxf8 Rxf8 14. b3
cxd4 15. cxd4 Qb8 16. h3 Ne4 17. Be3 Bh2+ 18. Kf1 Bg3 19. f3 Bh2 20. Qd3 Ng3+
21. Ke1 Nf5 22. Kd1 Nxe3+ 23. Qxe3 Re8 24. Qd3 Qg3 25. Qd2 Bg1 26. Nc3 Bxd4 27.
Rc1 Bf2 28. Kc2 Be3 29. Qe2 Qg6+ 30. Ne4 Bxc1 31. Kxc1 dxe4 0-1

[Event "World Youth Girl U14 2016"]
[Site "Khanty-Mansiysk RUS"]
[Date "2016.10.02"]
[Round "10.23"]
[White "Akulova, Alicia"]
[Black "Nomindalai, Tumurbaatar"]
[Result "0-1"]
[BlackTitle "CM"]
[WhiteElo "1563"]
[BlackElo "1757"]
[WhiteFideId "242861"]
[BlackFideId "4904095"]
[EventDate "2016.09.22"]

1. e4 d5 2. exd5 Nf6 3. c4 e6 4. dxe6 Bxe6 5. d4 Bb4+ 6. Nc3 Qe7 7. Be3 Nbd7 8.
Be2 O-O 9. Nf3 Nb6 10. d5 Bg4 11. Qb3 Bc5 12. Nd1 Rfe8 13. O-O Ne4 14. Rc1 a5
15. h3 Bxe3 16. Qxe3 Qf6 17. Qd3 Bf5 18. Nd4 Bg6 19. b3 Nd6 20. Qc3 Ne4 21. Qa1
Qf4 22. Ne3 Nc5 23. Rfd1 Ne4 24. Nf3 Nxf2 25. Kf1 Qxe3 26. Re1 Ne4 27. Qd4 Ng3# 0-1

[Event "World Youth Girl U14 2016"]
[Site "Khanty-Mansiysk RUS"]
[Date "2016.10.02"]
[Round "10.24"]
[White "Kvendseth, Thyra"]
[Black "Oberholzer, Imarie"]
[Result "1-0"]
[BlackTitle "WFM"]
[WhiteElo "1745"]
[BlackElo "1512"]
[WhiteFideId "1520628"]
[BlackFideId "14306506"]
[EventDate "2016.09.22"]

1. d4 Nf6 2. c4 c5 3. d5 b5 4. cxb5 a6 5. b6 d6 6. Nc3 Qxb6 7. Nf3 g6 8. Nd2 Bg7
9. e4 Nbd7 10. Nc4 Qc7 11. Bf4 O-O 12. Be2 a5 13. a4 Ba6 14. Na3 Qb6 15. Bb5
Bxb5 16. Naxb5 c4 17. Be3 Nc5 18. Qe2 Nd3+ 19. Qxd3 Qxb5 20. axb5 cxd3 21. Kd2
Nd7 22. Kxd3 Rfb8 23. Bd4 Ne5+ 24. Bxe5 Bxe5 25. Rhb1 a4 26. Ra3 Ra5 27. Kc4 Ra7
28. Kb4 Rab7 29. Kxa4 Ra8+ 30. Kb3 Rab8 31. Kc4 Rc8+ 32. Kd3 Rc5 33. Ra5 e6 34.
dxe6 fxe6 35. g3 d5 36. exd5 exd5 37. f4 Bg7 38. Ra8+ Kf7 39. Ra5 d4 40. Ne4 Rd5
41. Ng5+ Ke7 42. Re1+ Kd7 43. Kc4 Rd6 44. Ne4 Rc7+ 45. Nc5+ Kd8 46. Ra8+ Rc8 47.
Rxc8+ Kxc8 48. Re8+ Rd8 49. Rxd8+ Kxd8 50. Ne6+ Ke7 51. Nxg7 Kf7 52. b6 1-0

[Event "World Youth Girl U14 2016"]
[Site "Khanty-Mansiysk RUS"]
[Date "2016.10.02"]
[Round "10.25"]
[White "Smbatyan, Qristine"]
[Black "Puppi Lazo, Stephanie Beatriz"]
[Result "0-1"]
[WhiteElo "1506"]
[BlackElo "1710"]
[WhiteFideId "13308319"]
[BlackFideId "3826104"]
[EventDate "2016.09.22"]

1. e4 e5 2. Nf3 Nf6 3. Nxe5 d6 4. Nf3 Nxe4 5. Nc3 Nxc3 6. dxc3 Be7 7. Be3 Nc6 8.
Qd2 Be6 9. O-O-O Qd7 10. Kb1 a6 11. Bd3 O-O-O 12. Qe2 Kb8 13. h3 h6 14. Nd4 Nxd4
15. Bxd4 Bf6 16. Bxf6 gxf6 17. f4 Qa4 18. a3 Qxf4 19. Rhf1 Qg5 20. Qf2 h5 21.
Be2 Rh6 22. Rd4 Rg8 23. g4 hxg4 24. hxg4 Rgh8 25. Qf3 Rh3 26. Qe4 c5 27. Rxd6
Re3 28. Qg2 Qe5 29. Rd2 Rh2 30. Rd8+ Kc7 0-1

[Event "World Youth Girl U14 2016"]
[Site "Khanty-Mansiysk RUS"]
[Date "2016.10.02"]
[Round "10.26"]
[White "Nasybullina, Dayana"]
[Black "Ebeling, Mariela"]
[Result "1/2-1/2"]
[WhiteElo "1622"]
[BlackElo "1459"]
[WhiteFideId "34127280"]
[BlackFideId "508080"]
[EventDate "2016.09.22"]

1. e4 e5 2. Nc3 Nf6 3. g3 Nc6 4. Bg2 Bc5 5. Nf3 d6 6. O-O O-O 7. h3 h6 8. d3 Be6
9. Re1 Qd7 10. g4 Rfe8 11. Nh4 d5 12. Nf5 dxe4 13. Nxe4 Nxe4 14. Bxe4 Bf8 15. c3
Bd5 16. Qf3 Rad8 17. Be3 Bxe4 18. dxe4 Qe6 19. h4 Rd3 20. g5 hxg5 21. hxg5 Red8
22. Kg2 g6 23. Ng3 Bg7 24. Rh1 f6 25. gxf6 Bxf6 26. Rh2 Rf8 27. Rah1 Rd7 28. a3
Bg7 29. Qe2 Rff7 30. Qb5 b6 31. Qa6 Rde7 32. Bg5 Re8 33. Bh6 Kf8 34. Qe2 Ke7 35.
Bxg7 Rxg7 36. Rh7 Rg8 37. Qd2 Ke8 38. Qh6 Qf7 39. Rh8 Rxh8 40. Qxh8+ Rg8 41. Qh3
Ke7 42. Rd1 Rd8 43. Rxd8 Kxd8 44. Ne2 Qd7 45. Qh8+ Qe8 46. Qxe8+ Kxe8 47. Nc1
Ke7 48. Nd3 Kf6 49. Nb4 Nxb4 50. axb4 a6 51. Kf3 Ke6 52. Kg4 Kf6 1/2-1/2

[Event "World Youth Girl U14 2016"]
[Site "Khanty-Mansiysk RUS"]
[Date "2016.10.02"]
[Round "10.27"]
[White "Sahin, Hayrun Nisa"]
[Black "Gomes, Maria Eduarda"]
[Result "1-0"]
[WhiteElo "1725"]
[BlackElo "1569"]
[WhiteFideId "6380875"]
[BlackFideId "2158957"]
[EventDate "2016.09.22"]

1. c4 e5 2. g3 f5 3. Bg2 Nf6 4. Nc3 g6 5. d3 Bg7 6. b4 O-O 7. Rb1 c6 8. Qb3 Kh8
9. Nf3 d6 10. a4 Bd7 11. c5 Ne8 12. Bg5 Bf6 13. Bxf6+ Qxf6 14. cxd6 Nxd6 15. O-O
Na6 16. Qa3 Nc7 17. Nd2 Rad8 18. Nc4 Nxc4 19. dxc4 Be6 20. c5 e4 21. Rfd1 Nd5
22. Nxd5 Bxd5 23. Qb2 Qxb2 24. Rxb2 Bc4 25. Rbd2 Rd5 26. Rxd5 Bxd5 27. e3 Bb3
28. Rd7 Bxa4 29. Rxb7 a6 30. Bf1 Bb5 31. Rc7 Rd8 32. Bxb5 cxb5 33. Ra7 Rd1+ 34.
Kg2 Rb1 35. c6 Rc1 36. c7 Kg8 37. Ra8+ 1-0

[Event "World Youth Girl U14 2016"]
[Site "Khanty-Mansiysk RUS"]
[Date "2016.10.02"]
[Round "10.28"]
[White "Gronn, Embla Ekeland"]
[Black "Tomcikova, Dominika"]
[Result "1-0"]
[WhiteElo "1533"]
[BlackElo "1713"]
[WhiteFideId "1517600"]
[BlackFideId "14935554"]
[EventDate "2016.09.22"]

1. d4 Nf6 2. Nf3 d5 3. Bf4 c5 4. e3 Nc6 5. Be2 Qb6 6. Nc3 a6 7. Na4 Qa5+ 8. c3
c4 9. b4 Qd8 10. Nc5 e6 11. Ne5 Bxc5 12. Nxc6 bxc6 13. bxc5 Qa5 14. Qc2 Ne4 15.
Rc1 g5 16. Be5 f6 17. Bg3 e5 18. Bf3 Bf5 19. Qb2 Nxc5 20. dxc5 Qxc5 21. Bh5+ Kd7
22. Qb7+ Kd6 23. Qb4 Qxb4 24. cxb4 Rhb8 25. a3 a5 26. bxa5 Rxa5 27. Ra1 Rba8 28.
O-O Rxa3 29. Rxa3 Rxa3 30. f4 gxf4 31. exf4 Be4 32. fxe5+ fxe5 33. Rf6+ Kc5 34.
Bxe5 Rb3 35. Be8 d4 36. Rf4 Rb1+ 37. Kf2 Rb2+ 38. Ke1 Rb1+ 39. Kf2 c3 40. Rxe4
c2 41. Bf4 c1=Q 42. Bxc1 Rxc1 43. Bxc6 Rc2+ 44. Kg3 d3 45. Ba4 Ra2 46. Bd1 Ra7
47. Rh4 Kd5 48. Kf2 Ke5 49. Ke3 Rd7 50. Re4+ Kf6 51. Rd4 Rg7 52. Bf3 1-0

[Event "World Youth Girl U14 2016"]
[Site "Khanty-Mansiysk RUS"]
[Date "2016.10.02"]
[Round "10.29"]
[White "Parhomenko, Anastasija"]
[Black "Plaza Reino, Mercedes"]
[Result "1-0"]
[WhiteElo "1506"]
[BlackElo "1665"]
[WhiteFideId "11606185"]
[BlackFideId "24511951"]
[EventDate "2016.09.22"]

1. d4 d5 2. Nf3 e6 3. b3 c6 4. Bb2 f5 5. e3 Nf6 6. Bd3 Bd6 7. Nbd2 O-O 8. Qe2
Ne4 9. Ne5 Nd7 10. Bxe4 fxe4 11. h4 Nf6 12. O-O-O a5 13. g4 a4 14. Nb1 axb3 15.
axb3 Qc7 16. g5 Ne8 17. h5 Be7 18. Rdg1 Nd6 19. f3 exf3 20. Nxf3 Ne4 21. Qg2 b6
22. Rh4 Ba6 23. Qg4 Qc8 24. Rh2 Rf5 25. g6 h6 26. Nbd2 Nxd2 27. Kxd2 Bd6 28.
Rhg2 Qe8 29. Rh1 Qe7 30. Ne5 Bb7 31. Nf7 Bc7 32. Qe2 Qf6 33. Bc3 Qe7 34. Rf2 Re8
35. Rhf1 Rxf2 36. Qxf2 Ba6 37. Ra1 Bb7 38. Ra4 c5 39. dxc5 bxc5 40. Qe1 Ra8 41.
Rxa8+ Bxa8 42. Qa1 Qf8 43. Bxg7 Qxg7 44. Qxa8+ Qf8 45. Nxh6+ Kg7 46. Qxf8+ Kxf8
47. Ng4 Kg7 48. Kd3 Bd8 49. c4 Bg5 50. Ne5 Bf6 51. Nd7 Be7 52. cxd5 exd5 53. Nb6
d4 54. exd4 cxd4 55. Kxd4 Bf6+ 56. Ke4 1-0

[Event "World Youth Girl U14 2016"]
[Site "Khanty-Mansiysk RUS"]
[Date "2016.10.02"]
[Round "10.30"]
[White "Khannanova, Lina"]
[Black "Pandey, Ritika"]
[Result "0-1"]
[WhiteElo "1397"]
[BlackElo "1641"]
[WhiteFideId "44131623"]
[BlackFideId "30903670"]
[EventDate "2016.09.22"]

1. d4 Nf6 2. e3 c5 3. f4 g6 4. Nf3 Bg7 5. Bd3 O-O 6. O-O b6 7. Nbd2 Bb7 8. h3
Nc6 9. c3 d6 10. g4 Qd7 11. Kh2 Rfe8 12. Qe2 e5 13. g5 e4 14. gxf6 exd3 15. Qxd3
Bxf6 16. Ne4 Bg7 17. dxc5 Bc8 18. cxd6 Qxh3+ 19. Kg1 Bf5 20. Nfd2 Qg4+ 21. Kf2
Qh4+ 22. Ke2 Rxe4 23. Nxe4 Re8 24. Qc4 Bxe4 25. d7 Qg4+ 26. Kf2 Qxd7 27. Rg1 Bf6
28. b4 Bh4+ 29. Ke2 Qh3 30. Kd1 Qf3+ 31. Qe2 Rd8+ 32. Bd2 Bc2+ 33. Kxc2 Qxe2 0-1

[Event "World Youth Girl U14 2016"]
[Site "Khanty-Mansiysk RUS"]
[Date "2016.10.02"]
[Round "10.31"]
[White "Koubova, Anna Marie"]
[Black "Zavgorodneva, Ekaterina"]
[Result "1/2-1/2"]
[WhiteElo "1822"]
[BlackElo "1512"]
[WhiteFideId "381470"]
[BlackFideId "34139351"]
[EventDate "2016.09.22"]

1. d4 d5 2. c4 c6 3. Nf3 Nf6 4. g3 e6 5. Bg2 Bd6 6. Nc3 a6 7. Nd2 Nbd7 8. e4
dxe4 9. Ndxe4 Be7 10. O-O O-O 11. Qb3 Qb6 12. Rd1 Qxb3 13. axb3 Nxe4 14. Nxe4
Nf6 15. Bg5 Nxe4 16. Bxe7 Re8 17. Bc5 Nf6 18. b4 Bd7 19. Rd3 e5 20. dxe5 Rxe5
21. Bd4 Re7 22. Bxf6 gxf6 23. Bf3 Rae8 24. Kg2 Be6 25. b3 Rd7 26. Rxd7 Bxd7 27.
Rd1 Be6 28. h3 Kf8 1/2-1/2

[Event "World Youth Girl U14 2016"]
[Site "Khanty-Mansiysk RUS"]
[Date "2016.10.02"]
[Round "10.32"]
[White "Marais, Nina"]
[Black "Idirisinghe, I M N H"]
[Result "1-0"]
[WhiteTitle "WCM"]
[WhiteElo "1544"]
[BlackElo "1436"]
[WhiteFideId "14306883"]
[BlackFideId "9915478"]
[EventDate "2016.09.22"]

1. d4 d5 2. c4 e6 3. cxd5 exd5 4. Nc3 c5 5. Nf3 Nc6 6. g3 Nf6 7. Bg2 Be7 8. O-O
O-O 9. dxc5 Bxc5 10. Bg5 d4 11. Bxf6 Qxf6 12. Nd5 Qd8 13. Nd2 Be6 14. Nf4 Qd7
15. Nxe6 Qxe6 16. Nb3 Qd6 17. Nxc5 Qxc5 18. Rc1 Qd6 19. Bxc6 bxc6 20. Rc4 c5 21.
Qc2 Qa6 22. b3 Rac8 23. Rc1 Rfe8 24. Qd2 h6 25. e3 dxe3 26. fxe3 Rcd8 27. Qf2
Rd3 28. e4 Rd4 29. Rxd4 cxd4 30. Qxd4 Qxa2 31. Qd7 Rb8 32. Qd5 Rxb3 33. Rc8+ Kh7
34. Qf5+ g6 35. Qxf7# 1-0

[Event "World Youth Girl U14 2016"]
[Site "Khanty-Mansiysk RUS"]
[Date "2016.10.02"]
[Round "10.34"]
[White "Bitkova, Elizavetta"]
[Black "Kvamme, Ingrid Jodre"]
[Result "1/2-1/2"]
[WhiteElo "1415"]
[BlackElo "1450"]
[WhiteFideId "4506014"]
[BlackFideId "1516981"]
[EventDate "2016.09.22"]

1. d4 Nf6 2. Nf3 g6 3. c4 Bg7 4. Nc3 O-O 5. e4 c5 6. d5 d6 7. Bd3 e6 8. h3 exd5
9. cxd5 a6 10. a4 Re8 11. Be3 Nbd7 12. g4 Ne5 13. Nxe5 Rxe5 14. f4 Re8 15. g5
Nd7 16. h4 Qe7 17. h5 Rb8 18. hxg6 fxg6 19. Qe2 c4 20. Bc2 b5 21. axb5 axb5 22.
Qh2 Bh8 23. f5 gxf5 24. g6 Nf6 25. Bg5 Rb7 26. Kd2 fxe4 27. gxh7+ Qxh7 28. Qxd6
e3+ 29. Bxe3 Qe7 30. Rag1+ Bg7 31. Qxe7 Rexe7 32. Bd4 Rf7 33. d6 b4 34. Ne4
Nxe4+ 35. Bxe4 Rb5 36. Bh7+ Kf8 37. Bxg7+ Rxg7 38. Be4 Rxg1 39. Rxg1 1/2-1/2

[Event "World Youth Girl U14 2016"]
[Site "Khanty-Mansiysk RUS"]
[Date "2016.10.03"]
[Round "11.1"]
[White "Vantika, Agrawal"]
[Black "Zhu, Jiner"]
[Result "0-1"]
[WhiteElo "2012"]
[BlackElo "2024"]
[WhiteFideId "25050389"]
[BlackFideId "8608059"]
[EventDate "2016.09.22"]

1. d4 Nf6 2. Nf3 e6 3. c4 d5 4. g3 Bb4+ 5. Bd2 Be7 6. Bg2 O-O 7. O-O c6 8. Qc2
Nbd7 9. Bf4 b6 10. Nc3 Ba6 11. cxd5 cxd5 12. Qa4 Bb7 13. Rac1 a6 14. Ne5 Nxe5
15. Bxe5 Nd7 16. Bc7 Qe8 17. Qb3 b5 18. Nb1 Rc8 19. Ba5 Nb8 20. Nd2 Qd7 21. Nf3
Bd6 22. a3 Rc4 23. Bc3 Rfc8 24. Nd2 R4c7 25. Rcd1 Qe7 26. Rfe1 f5 27. e3 Nc6 28.
Bf1 Rb8 29. Rc1 Rbc8 30. Ra1 g5 31. Qd1 Qf7 32. Nb3 h5 33. Nc5 Rf8 34. f4 h4 35.
Bd3 g4 36. gxh4 Bxc5 37. dxc5 Qh5 38. Re2 Qxh4 39. Qe1 Qh6 40. Qg3 Kf7 41. b4 d4
42. exd4 Rd8 43. Rae1 Bc8 44. Qe3 Ne7 45. d5 Nxd5 46. Qe5 Re7 47. Bd2 Qh3 48.
Be3 g3 49. hxg3 Rg8 50. Rg2 Rxg3 51. Bf1 Rxe3 52. Rg7+ Kf8 53. Bxh3 Rxe5 54.
fxe5 Rxg7+ 55. Kf2 Nf4 56. Bf1 Rd7 57. c6 Rc7 58. Rc1 Ke7 59. Ke3 Nd5+ 60. Kd4
Bd7 61. Bg2 Rxc6 62. Rc5 Rxc5 63. Kxc5 f4 64. Kd4 Be8 65. Kd3 Bh5 66. Ke4 Be2
67. Bh1 f3 68. Bxf3 Bxf3+ 69. Kxf3 Nb6 0-1

[Event "World Youth Girl U14 2016"]
[Site "Khanty-Mansiysk RUS"]
[Date "2016.10.03"]
[Round "11.2"]
[White "Maltsevskaya, Aleksandra"]
[Black "Wang, Annie"]
[Result "1-0"]
[BlackTitle "WIM"]
[WhiteElo "2319"]
[BlackElo "2013"]
[WhiteFideId "24174041"]
[BlackFideId "2053900"]
[EventDate "2016.09.22"]

1. Nf3 e6 2. g3 Nf6 3. Bg2 d5 4. c4 Be7 5. d4 O-O 6. Nc3 dxc4 7. Ne5 Nc6 8. Bxc6
bxc6 9. Nxc6 Qe8 10. Nxe7+ Qxe7 11. Qa4 Bb7 12. O-O e5 13. dxe5 Qxe5 14. Qxc4 c5
15. Bf4 Qh5 16. Qb5 Bc8 17. Bd6 Bd7 18. Qxc5 Qh3 19. f3 Rfe8 20. e4 Be6 21. Rad1
Rec8 22. Qf2 Bc4 23. Rfe1 Qe6 24. Ba3 Rc6 25. Nd5 Kh8 26. b3 Ba6 27. Bb2 Ne8 28.
Rc1 Bb7 29. Rxc6 Bxc6 30. Nf4 Qd7 31. Qd4 Qxd4+ 32. Bxd4 f6 33. Rc1 Bb7 34. b4
a6 35. Ne6 Kg8 36. Nc5 Bc8 37. Be3 Nc7 38. Na4 1-0

[Event "World Youth Girl U14 2016"]
[Site "Khanty-Mansiysk RUS"]
[Date "2016.10.03"]
[Round "11.3"]
[White "Vinokur, Yuliya"]
[Black "Badelka, Olga"]
[Result "0-1"]
[WhiteElo "1956"]
[BlackElo "2222"]
[WhiteFideId "34127515"]
[BlackFideId "13509926"]
[EventDate "2016.09.22"]

1. Nf3 Nf6 2. c4 e6 3. g3 a6 4. Bg2 b5 5. Nd4 c6 6. cxb5 axb5 7. Nxb5 cxb5 8.
Bxa8 d5 9. Qb3 Bd7 10. Nc3 Qa5 11. Nxd5 exd5 12. Bxd5 Nxd5 13. Qxd5 Be6 14. Qf3
Nd7 15. O-O Nf6 16. e4 Be7 17. Qe2 O-O 18. d3 Ng4 19. d4 b4 20. f3 Nf6 21. Be3
Bc8 22. Rfd1 Ba6 23. Qf2 Nd7 24. g4 h5 25. h3 Re8 26. b3 Nf8 27. Rac1 Ng6 28. d5
Ne5 29. Qg2 Bd6 30. gxh5 Qd8 31. Bd4 Qf6 32. Bxe5 Qxe5 33. Kh1 Bc8 34. Rg1 Bf8
35. Qg5 Bxh3 36. Rg3 Bd7 37. Qxe5 Rxe5 38. Kg2 Bd6 39. Kf2 Rxh5 40. Rg2 f5 41.
Ke3 Kf7 42. Kd4 Kf6 43. Re1 g5 44. Rge2 Rh4 45. Kc4 fxe4 46. Rxe4 Bf5 47. Rd4
Rh3 48. Kb5 Bd7+ 49. Kb6 Rxf3 50. Rde4 Kg6 51. R1e2 g4 52. Rg2 g3 53. Ree2 Kg5
54. Rd2 Kg4 55. Rde2 Rd3 56. Rc2 Kf3 57. Rg1 Rxd5 58. Rf1+ Kg4 59. Rg1 Bf5 60.
Rc4+ Kf3 61. Kc6 Rd2 62. Rf1+ Rf2 63. Re1 Bf4 64. Kc5 g2 0-1

[Event "World Youth Girl U14 2016"]
[Site "Khanty-Mansiysk RUS"]
[Date "2016.10.03"]
[Round "11.4"]
[White "Beydullayeva, Govhar"]
[Black "Ulziikhishigjargal, Ochirkhuyag"]
[Result "1/2-1/2"]
[WhiteTitle "WCM"]
[WhiteElo "1994"]
[BlackElo "1888"]
[WhiteFideId "13413015"]
[BlackFideId "4903188"]
[EventDate "2016.09.22"]

1. d4 Nf6 2. c4 e6 3. Nf3 b6 4. a3 Bb7 5. Nc3 d5 6. cxd5 exd5 7. Bf4 a6 8. e3
Be7 9. Bd3 O-O 10. h3 c5 11. O-O Nbd7 12. Ne5 c4 13. Bc2 b5 14. Qf3 Re8 15. Bf5
Nf8 16. Bg5 Ng6 17. Rfd1 Qd6 18. Bxf6 Bxf6 19. Nxg6 fxg6 20. Bc2 Rf8 21. Qg4 Bc8
22. Qe2 Bh4 23. Rf1 Bf5 24. Bxf5 gxf5 25. Qf3 Rad8 26. g3 Bf6 27. Rfd1 g6 28.
Kg2 Rd7 29. h4 Rb8 30. h5 b4 31. axb4 Rxb4 32. Ra5 Rxb2 33. Rxd5 Qc6 34. Rxd7
Qxd7 35. Qa8+ Kg7 36. hxg6 hxg6 37. Qxa6 Bg5 38. Re1 f4 39. exf4 Qxd4 40. Ne4
Be7 41. Qe6 Bc5 42. f5 Rxf2+ 43. Nxf2 Qxf2+ 44. Kh3 gxf5 45. Qd7+ Kg8 46. Re8+
Bf8 47. Qe6+ Kg7 48. Qe5+ Kf7 49. Qe6+ Kg7 50. Qd7+ Kg8 51. Qd5+ Kg7 52. Qb7+
Kg8 53. Re6 1/2-1/2

[Event "World Youth Girl U14 2016"]
[Site "Khanty-Mansiysk RUS"]
[Date "2016.10.03"]
[Round "11.5"]
[White "Grischenko, Kamila"]
[Black "Antova, Gabriela"]
[Result "0-1"]
[BlackTitle "FM"]
[WhiteElo "1839"]
[BlackElo "2253"]
[WhiteFideId "14147491"]
[BlackFideId "2915235"]
[EventDate "2016.09.22"]

1. e4 c5 2. Nf3 d6 3. d4 cxd4 4. Nxd4 Nf6 5. Nc3 a6 6. Be3 e6 7. Qd2 Nbd7 8. f3
h5 9. O-O-O b5 10. Be2 Bb7 11. h4 Rc8 12. Rdg1 b4 13. Nd1 d5 14. exd5 Nxd5 15.
Bf2 Bd6 16. g3 Qc7 17. Ne3 N7b6 18. Kb1 Nxe3 19. Bxe3 Nd5 20. Bf2 Be5 21. Bd3
O-O 22. Qg5 Nf6 23. Re1 Bd6 24. Be3 Rfd8 25. g4 Be5 26. gxh5 Rxd4 27. Bxd4 Bxd4
28. h6 Ne8 29. hxg7 Bxg7 30. Rhg1 Qd8 31. Qg4 Qf6 32. Qxb4 Bd5 33. c3 a5 34. Qg4
Rb8 35. Rc1 Qxf3 36. Qxf3 Bxf3 37. Rc2 Kf8 38. Rf1 Bc6 39. Bg6 Nf6 40. Bd3 Ng4
41. Re1 Ne5 42. Be4 Bb5 43. Ka1 f5 44. Bg2 Kf7 45. Bf1 Nf3 46. Rd1 Bxf1 47. Rxf1
Nxh4 48. c4 Ng6 49. c5 Ne7 50. a3 Nd5 51. Rff2 f4 52. c6 Be5 53. Rh2 Bc7 54. Kb1
Rf8 55. b4 axb4 56. axb4 Ke7 57. b5 Rb8 58. Rh7+ Kf6 59. Rb2 Rxb5 60. Rh6+ Ke7 0-1

[Event "World Youth Girl U14 2016"]
[Site "Khanty-Mansiysk RUS"]
[Date "2016.10.03"]
[Round "11.6"]
[White "Urh, Zala"]
[Black "Goltseva, Ekaterina"]
[Result "1/2-1/2"]
[WhiteTitle "WFM"]
[BlackTitle "WFM"]
[WhiteElo "1939"]
[BlackElo "2212"]
[WhiteFideId "14611481"]
[BlackFideId "24173770"]
[EventDate "2016.09.22"]

1. Nf3 Nf6 2. c4 c5 3. Nc3 d5 4. d4 cxd4 5. Nxd5 Nxd5 6. cxd5 Qxd5 7. Qxd4 Qxd4
8. Nxd4 a6 9. e4 e5 10. Nf3 Nc6 11. Bc4 Bb4+ 12. Bd2 Bxd2+ 13. Kxd2 Ke7 14. Rhd1
Rd8+ 15. Ke3 Be6 16. Bxe6 Kxe6 17. Rac1 f6 18. Rxd8 Rxd8 19. a3 a5 20. Nd2 Ra8
21. Nb3 Ra7 22. Rc5 a4 23. Nd2 Ra5 24. Rxa5 Nxa5 25. Kd3 b5 26. Kc3 Nc6 27. b3
axb3 28. Nxb3 Kd6 29. Kd3 Kc7 30. Kc3 Kb6 31. Kd3 Na5 32. Kc3 Nc6 33. Kd3 g6 34.
g4 Na5 35. Kc3 Nc6 36. Kd3 1/2-1/2